Lakes by Continent - Click Quiz - Statistics

General Stats
  • This quiz has been taken 58 times
  • The average score is 11 of 20
Answer Stats
Hint Answer % Correct
Titicaca 7. South America
92%
Baikal 3. Asia
82%
Maracaibo 7. South America
82%
Mweru 1. Africa
79%
Como 4. Europe
77%
Nasser 1. Africa
74%
Lomond 4. Europe
74%
Constance 4. Europe
72%
Lake of the Woods 5. North America
72%
Volta 1. Africa
54%
Athabasca 5. North America
54%
Van 3. Asia
46%
Eyre 6. Oceania
44%
Taupo 6. Oceania
41%
Onega 4. Europe
38%
Urmia 3. Asia
36%
Torrens 6. Oceania
31%
Vostok 2. Antarctica
26%
Chapala 5. North America
23%
Poopo 7. South America
23%
No matching quizzes found
Score Distribution
Percent of People with Each Score
Percentile by Number Answered
Your Score History
You have not taken this quiz